Responses for show #5377 - Tuesday, January 15, 2008

Contestants

Rebecca Knickmeyer, a psychobiologist from Chapel Hill, North Carolina

Nafis Abdullah, a high school teacher from Chicago, Illinois

DJ Molny, a software entrepreneur from Lone Tree, Colorado (whose 1-day cash winnings total $27,601)

Jeopardy! Round responses

THE 1790s
BORN FIRST
IT BORDERS FRANCE
LOOSE CHANGE
"E" FOR EFFORT
LANDING AT JFK
    $200 21
15

Nafis
    $200 26
George Clooney

Nafis
    $200 11
(Nafis: What is Belgium?)

Luxembourg

NafisRebecca
    $200 16
(Rebecca: Who is JFK?)

FDR

DJRebecca
    $200 6
earshot

DJ
    $200 1
Delta

Nafis
    $400 22
John Paul Jones

DJ
    $400 27
Charlie Watts

Nafis
    $400 12
Belgium

Rebecca
    $400 17
the Oregon Trail

Nafis
    $400 7
Elizabeth (I)

Nafis
    $400 2
Aer Lingus

DJ
    $800 23
(DJ: What is Atlanta?)

Charlotte, North Carolina

DJ
    $600 28
Jessica Simpson

Nafis
    $600 13
Spain

DJ
    $600 18
the nickel

DJ
    $600 8
Edmonton

Nafis
    $600 3
(DJ: What is TWA?)

KLM

DJ
Triple Stumper
    $800 24
Patrick Henry

Triple Stumper
    $800 29
Tiger Woods

DJ
    $800 14
(Nafis: What is Italy & Austria?)

Italy & Switzerland

NafisRebecca
    $800 19
the Panama Canal

Rebecca
    $800 9
the elephant's graveyard

Rebecca
    $800 4
Virgin

Nafis
    $1000 25
Kamehameha

Nafis
    $1000 30
(Nafis: Who is Larry King?)

Joan Rivers

NafisRebecca
    $1000 15
Monaco & Andorra

Triple Stumper
    $1000 20
the Lincoln penny

Triple Stumper
    $1000 10
Equus

Rebecca
    $1000 5
JetBlue

Rebecca

Scores at the first commercial break (after clue 15):

DJ Nafis Rebecca
$600 $1,000 $4,200

Scores at the end of the Jeopardy! Round:

DJ Nafis Rebecca
$1,800 $2,800 $5,800

Double Jeopardy! Round responses

PREHISTORIC TIMES
GAME SHOW BIZ
STATE FLAGS
NOVELS BEFORE & AFTER
"RH" FACTOR
LANDING AT JFK
    $400 12
horse

DJ
    $400 21
Let's Make a Deal

Nafis
    $400 4
(Nafis: What is the Da Vinci Code red?)

Da Vinci Code blue

DJNafis
    $400 1
myrrh

DJ
    $400 5
Khrushchev

DJ
    $800 17
(Nafis: What is man?)

ape

Nafis
Triple Stumper
    $800 23
Drew Carey

Nafis
    $800 9
The Smothers Brothers Karamazov

DJ
    $800 2
lederhosen

Rebecca
    $800 6
Profiles in Courage

DJ
    $1,200 18
Cro-Magnon

DJ
    $1200 24
Chuck Barris

Nafis
    $1200 28
Kansas

Rebecca
    $1200 10
All Quiet on the Western Front Porch

Rebecca
    $1200 3
airhorn

Nafis
    $1200 7
(DJ: What is 19?)

109

DJNafis
    $1600 19
bird hips

DJ
    $1600 25
Win, Lose or Draw

Nafis
    $1600 26
Michigan

Rebecca
    $1600 8
The Heart Is a Lonely Hunter Thompson

Rebecca
    $1600 13
perhaps

DJ
    $1600 15
Ich bin ein Berliner

DJ
    $2000 20
Carboniferous

Triple Stumper
    $2000 22
Beat the Clock

DJ
    $2000 27
Maryland

Nafis
    $2,000 11
(Rebecca: What is Nat Turner Classic Movies?)

The Confessions of Nat Turner Classic Movies

Rebecca
    $2000 14
biorhythm

Triple Stumper
    $2000 16
(Whizzer) White

DJ

Scores at the end of the Double Jeopardy! Round:

DJ Nafis Rebecca
$13,800 $10,000 $10,200

[wagering suggestions for these scores]

Final Jeopardy! Round responses

BABY NAMES
NafisWhat is Lindsey?
$2,700
RebeccaWhat is Katrina?
$9,801
DJWhat is Britney?
$0
Katrina

Final scores:

DJ Nafis Rebecca
$13,800 $7,300 $20,001
2nd place: $2,000 3rd place: $1,000 New champion: $20,001

Game dynamics:

Coryat scores:

DJ Nafis Rebecca
$14,600 $10,000 $12,200
19 R
(including 1 DD),
3 W
(including 1 DD)
17 R,
5 W
13 R,
2 W
(including 1 DD)

Combined Coryat: $36,800

The J! Archive is created by fans, for fans. The Jeopardy! game show and all elements thereof, including but not limited to copyright and trademark thereto, are the property of Jeopardy Productions, Inc. and are protected under law. This website is not affiliated with, sponsored by, or operated by Jeopardy Productions, Inc. Join the discussion at JBoard.tv.